000 00735nam a2200289Ia 4500
005 20260324150428.0
008 008 260324s9999 xx 000 0 eng d
020 _a9781315033969
037 _aEBOOK
040 _aCRL
040 _beng
040 _cCRL
041 _2eng
041 _aeng
084 _qCRL
100 _aBernard Moses
_91226381
245 0 _aSouth America on the Eve of Emancipation
245 4 _bThe Southern Spanish Colonies in the Last Half-Century of their Dependence
260 _bTaylor and Francis
260 _c1967
365 _a
365 _b65.99
856 _uhttp://www.taylorfrancis.com/books/9781315033969
942 _cEBOOK
999 _c1835815
_d1835815